000 00590nam a2200229Ia 4500
003 OSt
005 20220918205450.0
006 a|||||r|||| 00| 0
007 ta
008 220917b |||||||| |||| 00| 0 eng d
024 _a116,637
037 _cTextual
040 _aARTS
_cARTS
_beng
041 _2eng
_aeng
082 _aV63:1:M8, J6
100 _aGibbs Peter
_9115168
245 0 _aFlag for the matabele
_b an entertainment in African history
260 _c1956
650 _aHISTORY
942 _hV63:1:M8, J6
_cTEXL
_2CC
999 _c239963
_d239963